00266nam a2200109Ia 4500008004100000245004100041260002200082440000600104521002200110942000700132999001700139140130s9999 xx 000 0 und d cDiakite, Baba WagueaThe Magic Gourd bScholastic,c2003 v1 aGrade 1 - Grade 2 cBK c40361d40361